000 07636cam a22015377a 4500
999 _c9172
001 17453643
003 LIBRIS
005 20200923132805.0
008 150129s2015 xxk|||||||||||000 ||swe|c
020 _a9780273759126
040 _aRk
_ea
041 _aswe
082 0 4 _a618.97
_223/swe
084 _aVs
_2kssb/8
100 1 _aRydholm Hedman, Ann-Marie,
_d1950-
_0https://libris.kb.se/c9pswh4w2bbv6z1#it
245 1 0 _aÄldrevård och äldreomsorg /
_cAnn-Marie Hedman, Wallis Jansson.
250 _a1. uppl.
264 1 _aHarlow :
_bPearson,
_c2015
300 _a483 s.
_bill.
650 7 _aGeriatrik
_0https://id.kb.se/term/sao/Geriatrik
_2sao
650 7 _aÄldrevård
_0https://id.kb.se/term/sao/%C3%84ldrev%C3%A5rd
_2sao
650 7 _aÄldreomsorg
_0https://id.kb.se/term/sao/%C3%84ldreomsorg
_2sao
650 1 2 _aGeriatrics
650 2 2 _aHealth Services for the Aged
650 2 2 _aPatient-Centered Care
650 2 2 _aAged
650 0 _aGeriatrics
650 0 _aGeriatric nursing
653 _aÄldre
653 _aÅldrandet
653 _aÄldrevård
653 _aPatientcentrerad vård
655 2 _aNurses' Instruction
700 1 _aJansson, Wallis
887 _a{"@id":"r93c9h135br3qp3","modified":"2018-01-29T18:27:07+01:00","checksum":"128108833205"}
_2librisxl
887 _a{"@id":"pt2wch1v3lkl7sb","modified":"2015-10-08T14:20:53+02:00","checksum":"31310645474"}
_2librisxl
887 _a{"@id":"z393gkg457g79s6","modified":"2015-03-06T10:24:04+01:00","checksum":"8058525118"}
_2librisxl
887 _a{"@id":"26d51pt74wvwqxw","modified":"2020-03-24T10:44:13.966+01:00","checksum":"142717674500"}
_2librisxl
887 _a{"@id":"djrsstpk14m48lq","modified":"2016-06-16T10:56:52+02:00","checksum":"35361560762"}
_2librisxl
887 _a{"@id":"37f62s085489wqn","modified":"2015-10-14T13:49:02+02:00","checksum":"13889729162"}
_2librisxl
887 _a{"@id":"6bjbqcwc5nnq3l3","modified":"2015-03-18T11:20:19+01:00","checksum":"34479035211"}
_2librisxl
887 _a{"@id":"04c56sr53zbjg96","modified":"2015-05-19T16:34:04+02:00","checksum":"37252571181"}
_2librisxl
887 _a{"@id":"6bkczxbc301njm9","modified":"2015-06-30T12:58:12+02:00","checksum":"6608209044"}
_2librisxl
887 _a{"@id":"v0720cd1200jxsf","modified":"2015-10-19T08:59:37+02:00","checksum":"14442635396"}
_2librisxl
887 _a{"@id":"lqzrsjcr1b861f5","modified":"2015-05-21T11:13:56+02:00","checksum":"26036416722"}
_2librisxl
887 _a{"@id":"2bbqrmsf0dd758vm","modified":"2018-10-05T14:49:25.055+02:00","checksum":"23221758710"}
_2librisxl
887 _a{"@id":"jnwpv1jp1p2q6q8","modified":"2015-05-13T09:21:37+02:00","checksum":"20491409593"}
_2librisxl
887 _a{"@id":"26f757g74j0cqbp","modified":"2018-04-25T15:30:48+02:00","checksum":"8802593194"}
_2librisxl
887 _a{"@id":"rw4zwv7x2zz2rgl","modified":"2015-10-27T15:44:34+01:00","checksum":"33388490442"}
_2librisxl
887 _a{"@id":"59jb8llb1qfs9k4","modified":"2015-08-06T12:02:04+02:00","checksum":"26531626121"}
_2librisxl
887 _a{"@id":"rw41pbnx2kvgc0d","modified":"2016-01-18T16:09:37+01:00","checksum":"36138080234"}
_2librisxl
887 _a{"@id":"x2939xm35fl8v28","modified":"2015-05-21T08:21:22+02:00","checksum":"29263645858"}
_2librisxl
887 _a{"@id":"x29bfjm34x647n8","modified":"2017-06-27T09:18:08+02:00","checksum":"12124365096"}
_2librisxl
887 _a{"@id":"rw4x739x03g1mrm","modified":"2018-01-04T18:50:45+01:00","checksum":"9396367189"}
_2librisxl
887 _a{"@id":"fksln6dl25c7wf2","modified":"2015-06-12T13:06:23+02:00","checksum":"36637041640"}
_2librisxl
887 _a{"@id":"fkrkvzcl5bw1m40","modified":"2016-10-17T15:08:19+02:00","checksum":"330787804"}
_2librisxl
887 _a{"@id":"hmvss42n4fr75z8","modified":"2016-02-02T12:15:59+01:00","checksum":"31303064178"}
_2librisxl
887 _a{"@id":"tz61vvp00l3bhzg","modified":"2015-10-27T08:47:18+01:00","checksum":"14537333126"}
_2librisxl
887 _a{"@id":"n0v5n2r5l93wzn7j","modified":"2020-02-05T08:18:23.037+01:00","checksum":"33439264736"}
_2librisxl
887 _a{"@id":"sx5z8sfz48fzsgq","modified":"2015-07-02T12:18:26+02:00","checksum":"38395538796"}
_2librisxl
887 _a{"@id":"04b4z3651s1jmg5","modified":"2015-04-10T16:42:29+02:00","checksum":"11502426874"}
_2librisxl
887 _a{"@id":"z3b8sbf4454pz3m","modified":"2016-02-15T08:26:40+01:00","checksum":"36825917328"}
_2librisxl
900 1 s _6100
_d1950-
_uRydholm Hedman, Ann-Marie,
_d1950-
900 1 s _6100
_d1950-
_uRydholm Hedman, Ann-Marie,
_d1950-
942 _2z
_cBOOK
949 _5Gm
_66000137801
_aGeriatrics 15.1
_tYNNNN